Sans Frontieres 1

Saved in:
Bibliographic Details
Format: Book
Tags: Add Tag
No Tags, Be the first to tag this record!
Institutions: Mạng thư viện Đại học Đà Nẵng
LEADER 00392nam a22001691a 4500
001 000036431
003 12726
005 20160408151546.0
008 160408s0 000
082 |a 4P(07) 71-72 
245 |a Sans Frontieres 1 
OWN |a LNN 
999 |a From the UDN01 
TYP |a Monograph 
980 |a Mạng thư viện Đại học Đà Nẵng